Woman`s Body, Woman`s Word (Record no. 9696)

MARC details
000 -LEADER
fixed length control field 00730nam a2200265 a 4500
020 ## - INTERNATIONAL STANDARD BOOK NUMBER
ISBN 0691884
082 00 - DEWEY DECIMAL CLASSIFICATION NUMBER
Classification number 892.70935042
Author Cutter MAL
100 ## - MAIN ENTRY--AUTHOR NAME
Author name Malti-Douglas, Fedwa
245 ## - TITLE STATEMENT
Title Woman`s Body, Woman`s Word
Sub title Gender and Discourse in Arabo-Islamic Writing
260 ## - PUBLICATION, DISTRIBUTION, ETC. (IMPRINT)
Place of publication Princeton
Name of publisher Princeton University Press
Year of publication 1992
300 ## - PHYSICAL DESCRIPTION
Number of Pages 206p
500 ## - GENERAL NOTE
General note includes index and biblioraphy
505 2# - FORMATTED CONTENTS NOTE
Formatted contents note Index
650 ## - SUBJECT ADDED ENTRY--TOPICAL TERM
Topical Term Arabic-Literature
650 ## - SUBJECT ADDED ENTRY--TOPICAL TERM
Topical Term Muslim Women
650 ## - SUBJECT ADDED ENTRY--TOPICAL TERM
Topical Term Sex in Literature
942 ## - ADDED ENTRY ELEMENTS (KOHA)
Koha item type Books
700 1# -
-- Malti-Douglas, Fedwa
Holdings
Collection code Home library Current library Date acquired Cost, normal purchase price Full call number Accession Number Koha item type
  Henry Martyn Institute Library Henry Martyn Institute Library 06/04/2007 571.34 892.70935042 MAL 015241 Books
                   Copyright © 2026 | Henry Martyn Institute | Hyderabad | TS-500052 | INDIA | Implemented by hmi.edu.in
Hit-Count:

Powered by Koha